000
00252nam a22001217a 4500
008
170216b xxu||||| |||| 00| 0 eng d
041
_a
eng
080
_a
615
100
_a
5
101
_a
SHF
245
_a
PSYCHOTROPIC DRUGS
_c
KELTNER
942
_2
udc
_c
BK
999
_c
5710
_d
5710